000 00779cam a22002531 4500
001 5676
003 BD-RjUL
005 20211208234116.0
008 160625s1963 xx 001 0 eng c
035 _a(BD-RjUL)5715
035 _a(OCoLC)722007
040 _aCleveland St Univ Lib
_cDLC
_dDLC
_dBD-RjUL
_beng
041 _aeng
082 _a332.4973
_bHOM 1963
100 1 _aHorvitz, Paul M.
_917831
245 1 0 _aMonetary policy and the financial system /
_cPaul M. Horvitz.
260 _aEnglewood Cliffs, N.J. :
_bPrentice-Hall,
_cc1963.
300 _axx, 492 p. :
_bill. ;
_c23 cm.
504 _aIncludes bibliography and index.
650 0 _aMonetary policy
_zUnited States.
_917832
650 0 _aFinance
_zUnited States.
_917833
942 _2ddc
_cBK
999 _c5676
_d5676